[Event "Tata Steel-A 74th"]
[Site "Wijk aan Zee"]
[Date "2012.01.22"]
[Round "8"]
[White "Navara, David"]
[Black "Van Wely, Loek"]
[Result "1/2-1/2"]
[WhiteElo "2712"]
[BlackElo "2692"]
[Annotator "Marin,M"]
[PlyCount "124"]
[EventDate "2012.01.14"]
[EventType "tourn"]
[EventRounds "13"]
[EventCountry "NED"]
[EventCategory "21"]
[Source "ChessBase"]
[SourceDate "2012.03.16"]

1. e4 c5 2. Nf3 d6 3. d4 cxd4 4. Nxd4 Nf6 5. Nc3 a6 6. Be2 e6 7. a4 Nc6 8. O-O
Be7 9. f4 O-O 10. Be3 Qc7 11. Kh1 Re8 12. Bf3 Rb8 13. Qe1 {Just one of the
numerous moves played here.} e5 ({The other way to react in the centre is} 
13... Nxd4 14. Bxd4 e5 15. Ba7 Ra8 16. Be3 {as, for instance, in Unzicker,W 
(2432)-Pelletier,Y (2531)/Zuerich 2001/CBM 083/[Ftacnik] (1-0, 36)}) ({After} 
13... Bd7 14. Qg3 {Black may find it harder to generate counterplay in the
centre.}) 14. Nde2 Nb4 $5 $146 (14... exf4 15. Nxf4 Be6 {Adams,M (2720)
-Kramnik,V (2777)/Wijk aan Zee 2004/CBM 099/[Ftacnik] (1-0, 43)}) 15. Qf2 b5 {
Not wishing to see his queenside paralysed by Bb6.} (15... Nxc2 16. Bb6 $1 Qc6
17. Rac1 Nb4 18. Rfd1 $44) 16. axb5 (16. Rfc1 bxa4 17. Rxa4 Bd7 18. Raa1 a5
$132 {[%cal Gd7c6,Gb8a8]}) 16... Nxc2 $1 (16... axb5 17. Ng3 Nxc2 {Otherwise,
the knight would do little on b4.} 18. Ra7 (18. Qxc2 b4 $11) 18... Rb7 19. Rxb7
Bxb7 20. Bb6 Qc8 21. fxe5 dxe5 22. Nf5 $44) 17. bxa6 Nxa1 18. a7 (18. Rxa1 Rxb2
19. a7 Bb7 $15) 18... Nc2 $1 (18... Ra8 19. Rxa1 $14 {[%csl Ga7]}) 19. fxe5
dxe5 20. axb8=R Qxb8 {Black has emerged from the complications with a very
pleasant position.} 21. Bg5 Nb4 22. Ng3 Nd3 23. Qc2 Nb4 24. Qf2 Nd3 25. Qd2 Nf4
26. Nf5 Bxf5 27. exf5 Bb4 28. Bxf6 gxf6 29. Qe3 Bxc3 30. bxc3 Rd8 31. c4 Qb4
32. c5 Rd3 33. Qf2 Rc3 34. c6 Qc4 35. h3 Nd3 36. Qd2 Kg7 37. Rb1 Qd4 38. Kh2
Rc5 39. Qe2 Qf4+ 40. g3 Qxf5 41. Be4 Qf2+ 42. Qxf2 Nxf2 43. Bf5 e4 44. Kg2 e3
45. Bd7 Ne4 46. Re1 Rc3 47. Kf3 Ng5+ 48. Kf4 Ne6+ 49. Ke4 Kf8 50. Rxe3 Rc5 51.
Ra3 Ke7 52. Ra8 Kd6 53. Rh8 Rc3 54. Kf5 Rxg3 55. Rxh7 Nd8 56. h4 Rf3+ 57. Kg4
Rf1 58. Rh5 Nxc6 59. Bxc6 Kxc6 60. Rf5 Rg1+ 61. Kh5 Rg6 62. Rc5+ Kxc5 1/2-1/2